| 000 | 00329 a2200121 4500 | ||
|---|---|---|---|
| 999 |
_c174548 _d174548 |
||
| 003 | Nust | ||
| 005 | 20170131150207.0 | ||
| 008 | 170131b xxu||||| |||| 00| 0 eng d | ||
| 040 | _c0 | ||
| 082 | _a320.95491 | ||
| 100 | _aDr. Abdul Hamid | ||
| 245 |
_aPolitical Science in Pakistan _bA treatise on socio political thought |
||
| 260 |
_aLahore _bUniversal Books _c1990 |
||
| 300 | _a267 p. | ||
| 500 | _aPapercover | ||
| 942 |
_cBK _k320.95491 HAM _2ddc |
||